Đặc khảo văn học dân gian Thừa Thiên Huế

Trình bày khái quát về miền đất, văn hoá, con người Thừa Thiên Huế và những thành tựu nổi bật trong kho tàng văn học dân gian của quê hương, lịch sử văn học dân gian, đặc trưng truyện dân gian, đặc trưng thơ ca dân gian Thừa Thiên Huế. Giơ...

Descrizione completa

Salvato in:
Dettagli Bibliografici
Autore principale: Lê, Văn Chưởng
Natura: Libro
Lingua:Undetermined
Pubblicazione: Hà Nội Văn hoá Thông tin 2012
Soggetti:
Tags: Aggiungi Tag
Nessun Tag, puoi essere il primo ad aggiungerne! !
Thư viện lưu trữ: Trung tâm Học liệu Trường Đại học Cần Thơ
LEADER 01256nam a2200193Ia 4500
001 CTU_179748
008 210402s9999 xx 000 0 und d
082 |a 398.20959749 
082 |b Ch561 
100 |a Lê, Văn Chưởng 
245 0 |a Đặc khảo văn học dân gian Thừa Thiên Huế 
245 0 |c Lê Văn Chưởng 
260 |a Hà Nội 
260 |b Văn hoá Thông tin 
260 |c 2012 
520 |a Trình bày khái quát về miền đất, văn hoá, con người Thừa Thiên Huế và những thành tựu nổi bật trong kho tàng văn học dân gian của quê hương, lịch sử văn học dân gian, đặc trưng truyện dân gian, đặc trưng thơ ca dân gian Thừa Thiên Huế. Giới thiệu bộ sưu tập văn học dân gian Thừa Thiên Huế gồm các thể loại truyền thuyết, truyện cổ tích, truyện cười, truyện ngụ ngôn, tục ngữ, câu đố, ca dao và những làn điệu dâ ca Huế tiêu biểu 
650 |a Folk literature,Văn học dân gian 
910 |a Nguyên 
980 |a Trung tâm Học liệu Trường Đại học Cần Thơ